000 01007nac a22003257a 4500
001 BR0600848
003 BR-BrBNA
005 20240105123254.0
008 230509b bl.|||m| |||| 00| 0 por d
040 _aBR-BrBNA
_bpor
_cBiblioteca Nacional de Agricultura
072 _aE16; F01
090 _a1530 BR0600848
100 1 _aVilela, N.J.
100 1 _aMakishima, N.
110 1 _aEMBRAPA Hortaliças, Brasília, DF (Brasil)
245 1 _aImpactos socioeconômicos da pesquisa de cenoura no Brasil, 1977-1996
260 3 _aBrasília, DF (Brasil):
_c1997.
300 _a20 p.
490 _aDocumentos - EMBRAPA Hortaliças (Brazil)
_vno. 11
_xISSN 1415-2312
500 _a33 ref.
650 _aCENOURA
650 _aANÁLISE DE CUSTO-BENEFÍCIO
650 _aANÁLISE ECONÔMICA
650 _aCUSTO DE PRODUÇÃO
650 _aPROJETO DE PESQUISA
650 _aADOÇÃO DE INOVAÇÕES
650 _aPESQUISA
909 _a202312
_bLúcia Elande
_c55
_dLúcia Elande
942 _2AGRIS
_n0
_cMS
999 _c294721
_d294721